<?xml version="1.0" encoding="UTF-8"?>
<record
    xmlns:xsi="http://www.w3.org/2001/XMLSchema-instance"
    xsi:schemaLocation="http://www.loc.gov/MARC21/slim http://www.loc.gov/standards/marcxml/schema/MARC21slim.xsd"
    xmlns="http://www.loc.gov/MARC21/slim">

  <leader>00706nam a22002417a 4500</leader>
  <controlfield tag="005">20250721094820.0</controlfield>
  <controlfield tag="008">211203b           ||||| |||| 00| 0 eng d</controlfield>
  <datafield tag="040" ind1=" " ind2=" ">
    <subfield code="c">AL</subfield>
  </datafield>
  <datafield tag="041" ind1=" " ind2=" ">
    <subfield code="a">eng</subfield>
  </datafield>
  <datafield tag="082" ind1=" " ind2=" ">
    <subfield code="2">23</subfield>
    <subfield code="a">657</subfield>
    <subfield code="b">SAHF</subfield>
  </datafield>
  <datafield tag="100" ind1=" " ind2=" ">
    <subfield code="a">Saha R G and others</subfield>
    <subfield code="9">219498</subfield>
  </datafield>
  <datafield tag="245" ind1=" " ind2=" ">
    <subfield code="a">Fundamentals of Business Accounting</subfield>
  </datafield>
  <datafield tag="260" ind1=" " ind2=" ">
    <subfield code="a">New Delhi</subfield>
    <subfield code="b">Vision Book House</subfield>
    <subfield code="c">2021</subfield>
  </datafield>
  <datafield tag="300" ind1=" " ind2=" ">
    <subfield code="a">330p</subfield>
    <subfield code="b">PB</subfield>
    <subfield code="c">24x17 cm</subfield>
  </datafield>
  <datafield tag="365" ind1=" " ind2=" ">
    <subfield code="a">3763</subfield>
    <subfield code="b">&#x20B9;224.00</subfield>
    <subfield code="c">&#x20B9;</subfield>
    <subfield code="d">&#x20B9;280.00</subfield>
    <subfield code="e">20%</subfield>
    <subfield code="f">27-11-2021</subfield>
  </datafield>
  <datafield tag="650" ind1=" " ind2=" ">
    <subfield code="a">Business Accounting</subfield>
    <subfield code="9">11164</subfield>
  </datafield>
  <datafield tag="700" ind1=" " ind2=" ">
    <subfield code="a">Sharmila, S</subfield>
    <subfield code="9">11166</subfield>
  </datafield>
  <datafield tag="700" ind1=" " ind2=" ">
    <subfield code="a">Mahesh Kumar, K R</subfield>
    <subfield code="9">11167</subfield>
  </datafield>
  <datafield tag="700" ind1=" " ind2=" ">
    <subfield code="a">Asha, N</subfield>
    <subfield code="9">11169</subfield>
  </datafield>
  <datafield tag="700" ind1=" " ind2=" ">
    <subfield code="a">Saleem, Shawar</subfield>
    <subfield code="9">11170</subfield>
  </datafield>
  <datafield tag="700" ind1=" " ind2=" ">
    <subfield code="a">Wajid, Mohammed</subfield>
    <subfield code="9">11171</subfield>
  </datafield>
  <datafield tag="942" ind1=" " ind2=" ">
    <subfield code="2">ddc</subfield>
    <subfield code="c">BK</subfield>
  </datafield>
  <datafield tag="999" ind1=" " ind2=" ">
    <subfield code="c">220865</subfield>
    <subfield code="d">220865</subfield>
  </datafield>
  <datafield tag="952" ind1=" " ind2=" ">
    <subfield code="0">0</subfield>
    <subfield code="1">0</subfield>
    <subfield code="2">ddc</subfield>
    <subfield code="4">0</subfield>
    <subfield code="7">3</subfield>
    <subfield code="8">MAN</subfield>
    <subfield code="a">AL</subfield>
    <subfield code="b">AL</subfield>
    <subfield code="c">RS</subfield>
    <subfield code="d">2021-11-30</subfield>
    <subfield code="e">Biblios Book Point</subfield>
    <subfield code="g">224.00</subfield>
    <subfield code="l">3</subfield>
    <subfield code="o">657 SAHF</subfield>
    <subfield code="p">075146</subfield>
    <subfield code="r">2025-01-29 00:00:00</subfield>
    <subfield code="s">2024-09-27</subfield>
    <subfield code="v">280.00</subfield>
    <subfield code="w">2021-12-03</subfield>
    <subfield code="y">REF</subfield>
  </datafield>
  <datafield tag="952" ind1=" " ind2=" ">
    <subfield code="0">0</subfield>
    <subfield code="1">0</subfield>
    <subfield code="2">ddc</subfield>
    <subfield code="4">0</subfield>
    <subfield code="7">0</subfield>
    <subfield code="8">MAN</subfield>
    <subfield code="a">AL</subfield>
    <subfield code="b">AL</subfield>
    <subfield code="d">2021-11-30</subfield>
    <subfield code="e">Biblios Book Point</subfield>
    <subfield code="g">224.00</subfield>
    <subfield code="l">2</subfield>
    <subfield code="o">657 SAHF</subfield>
    <subfield code="p">075147</subfield>
    <subfield code="r">2025-01-29 00:00:00</subfield>
    <subfield code="s">2024-09-09</subfield>
    <subfield code="v">280.00</subfield>
    <subfield code="w">2021-12-03</subfield>
    <subfield code="y">BK</subfield>
  </datafield>
  <datafield tag="952" ind1=" " ind2=" ">
    <subfield code="0">0</subfield>
    <subfield code="1">0</subfield>
    <subfield code="2">ddc</subfield>
    <subfield code="4">0</subfield>
    <subfield code="7">0</subfield>
    <subfield code="8">MAN</subfield>
    <subfield code="a">AL</subfield>
    <subfield code="b">AL</subfield>
    <subfield code="d">2021-11-30</subfield>
    <subfield code="e">Biblios Book Point</subfield>
    <subfield code="g">224.00</subfield>
    <subfield code="l">0</subfield>
    <subfield code="o">657 SAHF</subfield>
    <subfield code="p">075148</subfield>
    <subfield code="r">2021-12-03 00:00:00</subfield>
    <subfield code="v">280.00</subfield>
    <subfield code="w">2021-12-03</subfield>
    <subfield code="y">BK</subfield>
  </datafield>
  <datafield tag="952" ind1=" " ind2=" ">
    <subfield code="0">0</subfield>
    <subfield code="1">0</subfield>
    <subfield code="2">ddc</subfield>
    <subfield code="4">0</subfield>
    <subfield code="7">0</subfield>
    <subfield code="8">MAN</subfield>
    <subfield code="a">AL</subfield>
    <subfield code="b">AL</subfield>
    <subfield code="d">2021-11-30</subfield>
    <subfield code="e">Biblios Book Point</subfield>
    <subfield code="g">224.00</subfield>
    <subfield code="l">0</subfield>
    <subfield code="o">657 SAHF</subfield>
    <subfield code="p">075149</subfield>
    <subfield code="r">2021-12-03 00:00:00</subfield>
    <subfield code="v">280.00</subfield>
    <subfield code="w">2021-12-03</subfield>
    <subfield code="y">BK</subfield>
  </datafield>
  <datafield tag="952" ind1=" " ind2=" ">
    <subfield code="0">0</subfield>
    <subfield code="1">0</subfield>
    <subfield code="2">ddc</subfield>
    <subfield code="4">0</subfield>
    <subfield code="7">0</subfield>
    <subfield code="8">MAN</subfield>
    <subfield code="a">AL</subfield>
    <subfield code="b">AL</subfield>
    <subfield code="d">2021-11-30</subfield>
    <subfield code="e">Biblios Book Point</subfield>
    <subfield code="g">224.00</subfield>
    <subfield code="l">2</subfield>
    <subfield code="o">657 SAHF</subfield>
    <subfield code="p">075150</subfield>
    <subfield code="r">2023-10-06 00:00:00</subfield>
    <subfield code="s">2023-09-25</subfield>
    <subfield code="v">280.00</subfield>
    <subfield code="w">2021-12-03</subfield>
    <subfield code="y">BK</subfield>
  </datafield>
  <datafield tag="952" ind1=" " ind2=" ">
    <subfield code="0">0</subfield>
    <subfield code="1">0</subfield>
    <subfield code="2">ddc</subfield>
    <subfield code="4">0</subfield>
    <subfield code="7">0</subfield>
    <subfield code="8">MAN</subfield>
    <subfield code="a">AL</subfield>
    <subfield code="b">AL</subfield>
    <subfield code="d">2021-11-30</subfield>
    <subfield code="e">Biblios Book Point</subfield>
    <subfield code="g">224.00</subfield>
    <subfield code="l">0</subfield>
    <subfield code="o">657 SAHF</subfield>
    <subfield code="p">075151</subfield>
    <subfield code="r">2021-12-03 00:00:00</subfield>
    <subfield code="v">280.00</subfield>
    <subfield code="w">2021-12-03</subfield>
    <subfield code="y">BK</subfield>
  </datafield>
</record>
